Library Banner

Labyrinths & mazes : (Record no. 121200)

MARC details
000 -LEADER
fixed length control field 00714cam a2200217 i 4500
001 - CONTROL NUMBER
control field 18988524
005 - DATE AND TIME OF LATEST TRANSACTION
control field 20210129183948.0
008 - FIXED-LENGTH DATA ELEMENTS--GENERAL INFORMATION
fixed length control field 160224s2016 nyua b 001 0 eng
020 ## - INTERNATIONAL STANDARD BOOK NUMBER
International Standard Book Number 9781616895129 (pbk. : alk. paper)
040 ## - CATALOGING SOURCE
Transcribing agency PK-LaUMT
082 00 - DEWEY DECIMAL CLASSIFICATION NUMBER
Classification number 712
Edition number 23
Item number TAT-L
100 1# - MAIN ENTRY--PERSONAL NAME
Personal name Tatarella, Francesca
245 10 - TITLE STATEMENT
Title Labyrinths & mazes :
Remainder of title a journey through art, architecture, and landscape /
Statement of responsibility, etc by Francesca Tatarella
260 ## - PUBLICATION, DISTRIBUTION, ETC. (IMPRINT)
Place of publication, distribution, etc New York :
Name of publisher, distributor, etc Princeton Architectural Press,
Date of publication, distribution, etc 2016
300 ## - PHYSICAL DESCRIPTION
Extent 216 p. :
Other physical details illustrations (chiefly color) ;
Dimensions 17 x 25 cm
650 #0 - SUBJECT ADDED ENTRY--TOPICAL TERM
Topical term or geographic name as entry element Labyrinths in art.
650 #0 - SUBJECT ADDED ENTRY--TOPICAL TERM
Topical term or geographic name as entry element Symbolism in architecture.
650 #0 - SUBJECT ADDED ENTRY--TOPICAL TERM
Topical term or geographic name as entry element Maze gardens.
700 1# - ADDED ENTRY--PERSONAL NAME
Personal name Danford, Natalie,
942 ## - ADDED ENTRY ELEMENTS (KOHA)
Koha item type Books
Holdings
Withdrawn status Lost status Damaged status Home library Current library Date acquired Full call number Barcode Date last seen Price effective from Koha item type
      UMT Main Campus UMT Main Campus 2021-01-29 712 TAT-L 136157 2021-01-29 2021-01-29 Books